LEADER 01255nam a2200265 i 4500 001 000000225923 003 CaOOAMICUS 005 20131223000000.0 008 131223s2013 it u000 u ita u 013 $a204825 040 $aSeMil$bita 100 1 $aAccattoli, Luigi,$d<1943- >.$0(OLS)http://semarc/name/24191 245 13$aLa scelta di Benedetto :$bindagine sulla grande rinuncia /$cLuigi Accattoli ... [et al.] ; introduzione di Ferruccio De Bortoli. 260 $aMilano :$bCorriere della Sera,$c2013. 300 $a159 p. ;$c19 cm. 490 0 $aCorriere della Sera. Grandi saggi 600 04$aBenedetto XVI .$0(OLS)http://semarc/subject/16830 650 4$aBenedetto XVI - Rinuncia.$0(OLS)http://semarc/subject/41065 700 1 $aDe Bortoli, Ferruccio,$d<1953- >.$0(OLS)http://semarc/name/12797 830 0$aCorriere della Sera. Grandi saggi.$0(OLS)http://semarc/title/39784 850 $aSeMil 852 $aSeMil$W1$xVenegono$y1$m2A I 350$j176269$B176269$CSeMilBibl$Z2$F187745 $81 961 $aOmaggio: Altro 996 $6245$aLa scelta di Benedetto :$bindagine sulla grande rinuncia$9(OLS)http://semarc/title/323566 996 $6260$aMilano :$bCorriere della Sera$9(OLS)http://semarc/publisher/33390 LEADER 00785nam a2200205 i 4500 001 000000060724 003 CaOOAMICUS 005 20120803000000.0 008 120803s1925 it u000 u ita u 013 $a31896 040 $aSeMil$bita 100 1 $aCaravatti, Francesco.$0(OLS)http://semarc/name/30874 245 10$aViggiù nella storia e nell'arte /$cFrancesco Caravatti. 260 $aVarese :$bArti Grafiche Varesine,$c1925. 300 $a179 p. ;$c23 cm. 650 4$aViggiù.$0(OLS)http://semarc/subject/17 850 $aSeMil 852 $aSeMil$W1$xVenegono$y1$m3P II 1$j26877$B26877$CSeMilBibl$Z2$F26880 $81 996 $6245$aViggiù nella storia e nell'arte$9(OLS)http://semarc/title/95242 996 $6260$aVarese :$bArti Grafiche Varesine$9(OLS)http://semarc/publisher/42231